Low-cost fish retailing equipment and facilities in large urban areas of Southeast Asia / (Record no. 15899)

000 -LEADER
fixed length control field 00992cam a2200289Ia 4500
020 ## - INTERNATIONAL STANDARD BOOK NUMBER
ISBN 9251046530
040 ## - CATALOGING SOURCE
Transcribing agency OLA
082 14 - DEWEY DECIMAL CLASSIFICATION NUMBER
Classification number 639 FOO 2001 A090 Or.
100 1# - MAIN ENTRY--AUTHOR NAME
Personal name Medina Pizzali, A. F
245 10 - TITLE STATEMENT
Title Low-cost fish retailing equipment and facilities in large urban areas of Southeast Asia /
246 30 - VARYING FORM OF TITLE
Title proper/short title Fish retailing equipment and facilities in large urban areas of Southeast Asia
260 ## - PUBLICATION, DISTRIBUTION, ETC. (IMPRINT)
Place of publication Rome :
Name of publisher Food and Agriculture Organization of the United Nations,
Year of publication c2001
300 ## - PHYSICAL DESCRIPTION
Number of Pages ii, 142 p. :
Other physical details ill. ;
Dimensions 30 cm
490 1# - SERIES STATEMENT
Series statement FAO fisheries technical paper,
500 ## - GENERAL NOTE
General note Presents case studies conducted in Manila, Kuala Lumpur, Singapore and Bangkok
650 #0 - SUBJECT ADDED ENTRY--TOPICAL TERM
Topical Term Fishery products
650 #0 - SUBJECT ADDED ENTRY--TOPICAL TERM
Topical Term Fishery products
650 #0 - SUBJECT ADDED ENTRY--TOPICAL TERM
Topical Term Fishes
650 #0 - SUBJECT ADDED ENTRY--TOPICAL TERM
Topical Term Fishes
650 #0 - SUBJECT ADDED ENTRY--TOPICAL TERM
Topical Term Fish handling
650 #0 - SUBJECT ADDED ENTRY--TOPICAL TERM
Topical Term Fish handling
650 #0 - SUBJECT ADDED ENTRY--TOPICAL TERM
Topical Term Fish trade
650 #0 - SUBJECT ADDED ENTRY--TOPICAL TERM
Topical Term Fish trade
650 #0 - SUBJECT ADDED ENTRY--TOPICAL TERM
Topical Term Fishes
710 2# - ADDED ENTRY--CORPORATE NAME
Corporate name or jurisdiction name as entry element Food and Agriculture Organization of the United Nations
942 ## - ADDED ENTRY ELEMENTS (KOHA)
Koha item type សៀវភៅភាសាអង់គ្លេស
952 ## - LOCATION AND ITEM INFORMATION (KOHA)
Withdrawn status [LOCAL, KOHA] 0
Holdings
Permanent Location Date acquired Koha item type Lost status Shelving location Barcode Current Location Full call number
Library Block A2017-12-15សៀវភៅភាសាអង់គ្លេស A090RUA060298Library Block A639 FOO 2001 A090 Or.
មជ្ឈមណ្ឌលឯការនៃសាកលវិទ្យាល័យភូមិន្ទកសិកម្មចំការដូង

Powered by Koha